Every WWE Survivor Series Main Eventer - Statistics

General Stats
  • This quiz has been taken 247 times
    155 since last reset
  • The average score is 38 of 93
Answer Stats
Year(s) Name No. Of Times % Correct
1999-2000, 2002-2004, 2009, 2017 Triple H 7
94%
1993-1994, 2001, 2007 The Undertaker 4
89%
2001-2002, 2005 Kane 3
86%
2004, 2010, 2013, 2017 Randy Orton 4
84%
1989, 1992, 1996-1997, 2002, 2005, 2009 Shawn Michaels 7
84%
1998-1999, 2001, 2011 The Rock 4
81%
1987-1988, 1990 Hulk Hogan 3
79%
2008, 2009, 2011-2012, 2014, 2017 John Cena 6
78%
2015, 2020 Roman Reigns 2
77%
1999, 2001, 2005, 2013-2014 Big Show 5
76%
2014 Seth Rollins 1
74%
1992, 1995, 1997 Bret Hart 3
73%
2000-2001 Steve Austin 2
71%
2004 Edge 1
70%
2004-2007 Batista 4
68%
2001-2002, 2004, 2008 Chris Jericho 4
66%
2015 Dean Ambrose 1
66%
2001, 2017 Kurt Angle 2
66%
2016, 2018 Brock Lesnar 2
63%
2012 CM Punk 1
62%
2011 The Miz 1
59%
2001-2002, 2006 Booker T/King Booker 3
58%
2005 Rey Mysterio 1
58%
1989-1990 The Ultimate Warrior 2
58%
1988 Randy Savage 1
57%
2020 Drew McIntyre 1
55%
2018 Daniel Bryan 1
54%
1987, 1989 André the Giant 2
53%
2014 Dolph Ziggler 1
53%
2014 Mark Henry 1
53%
2004 Chris Benoit 1
52%
1993-1994 Yokozuna 2
52%
2003, 2016 Goldberg 2
50%
2001 Shane McMahon 1
49%
2017 Shane McMahon 1
49%
2005 JBL 1
48%
2012, 2014 Ryback 2
46%
1988, 1990 Ted DiBiase 2
46%
2001-2002 Rob Van Dam 2
44%
2011 R-Truth 1
44%
1995 Diesel 1
42%
2017 Braun Strowman 1
40%
2005 Bobby Lashley 1
39%
2014 Luke Harper 1
39%
2014 Rusev 1
39%
2010 Wade Barrett 1
37%
2014 Erick Rowan 1
35%
1993 Lex Luger 1
35%
1998 Mankind 1
35%
1988, 1991 Big Boss Man 2
34%
2017 Samoa Joe 1
33%
2017 Finn Balor 1
32%
2019 Bayley 1
30%
2019 Becky Lynch 1
30%
2017 Shinsuke Nakamura 1
29%
1988-1989 Haku 2
28%
1989 Jim Neidhart 1
28%
1987 Rick Rude 1
28%
1987 Bam Bam Bigelow 1
27%
2005 Carlito 1
27%
1991 Earthquake 1
27%
1991 Animal 1
25%
2017 Bobby Roode 1
25%
2005 Chris Masters 1
25%
1991 Hawk 1
25%
1990 Tito Santana 1
25%
1987-1988 One Man Gang/Akeem 2
24%
1987 King Kong Bundy 1
23%
1990 Rick Martel 1
22%
1993 Scott Steiner 1
22%
2019 Shayna Baszler 1
22%
1993 Crush 1
21%
1988, 1990 Hercules 2
21%
1991 Irwin R. Schyster 1
21%
1996 Sycho Sid 1
21%
1989 Marty Jannetty 1
20%
1993 Rick Steiner 1
20%
2004 Maven 1
19%
1987 Don Muraco 1
18%
1991 Typhoon 1
18%
1988 Koko B. Ware 1
17%
1989 Arn Anderson 1
16%
1987 Ken Patera 1
16%
2004 Snitsky 1
16%
1989 Bobby Heenan 1
13%
1987 Butch Reed 1
13%
1987 Paul Orndorff 1
13%
1990 Paul Roma 1
13%
1988 Hillbilly Jim 1
12%
1993 Ludvig Borga 1
12%
1993 Quebecer Jacques 1
10%
1990 The Warlord 1
9%
1988 The Red Rooster 1
7%
No matching quizzes found
Score Distribution
Percent of People with Each Score
Percentile by Number Answered
Your Score History
You have not taken this quiz since the last reset